00862cam a2200253 a 450000100090000000300060000900500170001500800410003201000170007302000150009003500230010504000180012804200140014605000220016008200200018210000380020224501370024024600240037726000620040130000270046350400640049065000240055470000300057813612635GBCCL20241126110724.0040603s2004 tnu b 001 0 eng d a 2004299943 a0805427864 a(OCoLC)ocm54475716 aTNEcTNEdDLC alccopycat00aBV4396b.P38 200400a253.22222bPAT1 aPatterson, Dorothy Kelley,d1943-12aA handbook for parents in ministry :btraining up a child while answering the call /cDorothy Kelley Patterson and Armour Patterson.18aParents in ministry aNashville, Tenn. :bBroadman & Holman Publishers,cc2004. axiii, 242 p. ;c22 cm. aIncludes bibliographical references (p. 236-237) and index. 0aFamilies of clergy.1 aPatterson, Armour,d1968-